000 01244ngm a2200241 a 4500
005 20230511063543.0
008 011008s2000 mx r 000 0 spa d
020 _a9682992397
035 _aUPN01000112777
049 _aAV
099 _aPVI F 0959
245 0 0 _a1915-1917 :
_bromance de los ideales.
260 _aMéxico :
_bILCE,
_c[199-?].
300 _a1 videocasete (VHS) (60 min.) :
_bson., col.
440 0 _aSiglo 20.
_pLa vida en México ;
_v2
501 _aCon: 1917-1920 : un mundo sobre ruedas
520 _aMéxico vive una guerra civil. Villa y Carranza enfrentan grandes conflictos, hasta que el Centauro del Norte pierde la batalla de Celaya. Carranza declara capital a Querétaro y promulga la constitución de 1917. En: 1917-1920 : un mundo sobre ruedas, se resumen tres años llenos de acontecimientos históricos, como el gobierno y la muerte de Carranza y la de Zapata. El interinato de De la Huerta y el gobierno de Obregón
651 4 _aMEXICO -
_xHISTORIA -
_yREVOLUCION CARRANCISTA, 1913-1920
_917713
651 4 _aMEXICO -
_xHISTORIA -
_yREVOLUCION ZAPATISTA, 1911-1919
_99550
651 4 _aMéxico
_xHistoria
_yRevolución, 1910-1917
_9223
740 0 _a1917-1920 : un mundo sobre ruedas
905 _aAudiovisuales
999 _c86685
_d86685